000 00436nab a2200145Ia 4500
003 ES-SlBCS
005 20210601132800.0
008 140529s1956 xxu||||| |||| 00| 0 ita d
041 _aita
100 1 _aTalenti, Carlo
_9198832
245 0 0 _aLa piena maturità del pensiero di Adelchi Baratono
_c Carlo Talenti
600 1 4 _aBaratono, Adelchi
_921571
773 0 _tFilosofia
_gvol. 7, nº. 4, 1956, págs. 766-799
_wRev1488
942 _cAR
999 _c585604
_d585604